| 000 | 01599nam a22003977a 4500 | ||
|---|---|---|---|
| 003 | EG-ScBUE | ||
| 005 | 20221026095321.0 | ||
| 008 | 170725s2012 ua c f 000 0dara d | ||
| 017 | _a2011 / 19702 | ||
| 020 | _a9789774277190 | ||
| 020 | _a9789774277191 | ||
| 040 |
_aEG-ScBUE _bara _erda _cEG-ScBUE _dEG-ScBUE |
||
| 041 | 0 |
_aara _aeng |
|
| 043 | _af-ua--- | ||
| 082 | 0 | 4 |
_a708.96216 _bش ا ر _222 |
| 100 | 1 |
_aشاروني، صبحي، _eمؤلف. |
|
| 245 | 1 | 0 |
_aروائع متحف محمود خليل / _cد. صبحي الشاروني، د. مينا صاروفيم ؛ ترجمة رمضان عبد القادر. |
| 246 | 3 | 5 | _aMasterpices of Mahmoud Khalil museum |
| 246 | 3 | 3 | _aMasterpieces of Mahmoud Khalil museum |
| 250 | _aالطبعة الأولى. | ||
| 264 | 1 |
_aالقاهرة : _bالدار المصرية اللبنانية، _c2012. |
|
| 300 |
_a222 صفحة : _bلوحات ؛ _c30 سم |
||
| 546 | _aالنص باللغتين العربية والإنجليزية. | ||
| 590 | _aسارة | ||
| 600 | 1 | 7 |
_aخليل، محمود، _d1953-1877. _xمجموعات فنية. _2BUEsh |
| 610 | 2 | 7 |
_aمتحف محمود خليل (القاهرة) _2BUEsh |
| 650 | 7 |
_aالمتاحف _zمصور. _2BUEsh |
|
| 650 | 7 |
_aالرسامون المصريون _vصور ولوحات. _2BUEsh |
|
| 650 | 7 |
_aاللوحات الفنية _xمتاحف _zمصر _zالقاهرة. _2BUEsh |
|
| 651 | _2BUEsh | ||
| 653 |
_bGGEN _cJuly2017 |
||
| 655 | _vReading book | ||
| 700 | 1 |
_aصاروفيم، مينا، _eمؤلف. |
|
| 700 | 1 |
_aعبد القادر، رمضان، _eمترجم. |
|
| 942 | _2ddc | ||
| 999 |
_c25073 _d25045 |
||